000 00816nam a2200241 i 4500
001 171957
003 ES-MaACL
005 20250808062820.0
008 090609s1985 sp |||| | spa d
017 _aM 15511-1985
020 _a84-220-1186-7
100 0 _aBalthasar, Hans Urs von.
_925129
245 1 0 _aPuntos centrales de la fe /
_cpor Hans Urs von Balthasar ; [traducción por José Luis Albizu].
260 _aMadrid :
_bLa Editorial Católica,
_c1985.
300 _aXIII, 395 p., 1 h. ;
_c20 cm.
490 1 _aBiblioteca de autores cristianos ;
_v464
594 _aTraducción de : Zentren des Glaubens.
700 0 _aAlbizu, José Luis.
_919396
830 0 0 _aBiblioteca de autores cristianos
_v464
_9178679
852 _aES-MaACL
_jJ-453
_9R.46092
999 _c171957
_d171957